[Event "Magistrale 6th"]
[Site "Bassano del Grappa"]
[Date "2006.12.28"]
[Round "4.4"]
[White "You, Zhi Chih Stefano"]
[Black "Xia, Jie"]
[Result "1-0"]
[WhiteElo "1986"]
[BlackElo "2153"]
[PlyCount "91"]
[EventDate "2006.12.26"]
[EventType "swiss"]
[EventRounds "7"]
[EventCountry "ITA"]
[SourceTitle "EXT 2023"]
[Source "ChessBase"]
[SourceDate "2022.10.05"]
[SourceVersion "1"]
[SourceVersionDate "2022.10.05"]
[SourceQuality "1"]

1. Nc3 c5 2. e4 a6 3. Nf3 Nc6 4. d4 cxd4 5. Nxd4 e6 6. Be3 Qc7 7. Bd3 Nf6 8. 0-0 d6 9. Kh1 Be7 10. Qe2 0-0 11. f3 Bd7 12. a4 Rac8 13. f4 Na5 14. Nf3 Nc4 15. Bc1 e5 16. b3 Nb6 17. Bb2 Bg4 18. h3 Nh5 19. Qe1 Bxf3 20. Rxf3 Nxf4 21. a5 Nd7 22. b4 Nf6 23. Rc1 Qd8 24. Ne2 N6h5 25. Nc3 Kh8 26. g4 Bh4 27. Qg1 Nf6 28. Rd1 h6 29. Qa7 Qd7 30. b5 Nxg4 31. Rxf4 exf4 32. hxg4 Qxg4 33. Qg1 Bg3 34. Rd2 f3 35. Rh2 f2 36. Qg2 Qg6 37. e5 f1Q+ 38. Qxf1 Qg4 39. Ne4 Qf4 40. Nxg3 Qxg3 41. exd6 Kg8 42. Bxg7 Rce8 43. Be2 Rxe2 44. Qxe2 Rd8 45. Be5 Qa3 46. Rg2+ 1-0

[Event "Magistrale 6th"]
[Site "Bassano del Grappa"]
[Date "2006.12.26"]
[Round "1.4"]
[White "Caruso, Augusto"]
[Black "You, Zhi Chih Stefano"]
[Result "0-1"]
[WhiteElo "2267"]
[BlackElo "1986"]
[PlyCount "109"]
[EventDate "2006.12.26"]
[EventType "swiss"]
[EventRounds "7"]
[EventCountry "ITA"]
[SourceTitle "EXT 2023"]
[Source "ChessBase"]
[SourceDate "2022.10.05"]
[SourceVersion "1"]
[SourceVersionDate "2022.10.05"]
[SourceQuality "1"]

1. Nc3 Nf6 2. d4 d5 3. Bg5 Ne4 4. Nxe4 dxe4 5. Qd2 g6 6. f3 Bg7 7. e3 c5 8. fxe4 cxd4 9. 0-0-0 Nc6 10. exd4 Qxd4 11. Qxd4 Nxd4 12. Nf3 Nc6 13. Bb5 Bd7 14. Rd2 h6 15. Bh4 g5 16. Bg3 h5 17. Nxg5 f6 18. Rxd7 Kxd7 19. Rd1+ Ke8 20. Ne6 Bh6+ 21. Kb1 Rc8 22. Bc4 Nd8 23. Nc7+ Kf8 24. Rd7 Be3 25. Bb3 h4 26. Be1 Bc5 27. a3 Bd6 28. Nd5 Rh6 29. Bc3 Ke8 30. Ba4 Kf7 31. Nxe7 Bxe7 32. Bb4 Kg6 33. Bxe7 Nc6 34. Bxc6 bxc6 35. Bc5 Re8 36. Rxa7 Rxe4 37. a4 Re2 38. a5 Rh5 39. Bf8 Rd5 40. Rg7+ Kf5 41. Bb4 Rb5 42. Bc3 Re3 43. Bd2 Re2 44. c4 Rc5 45. Bc3 Rxc4 46. a6 Ra4 47. a7 c5 48. h3 Re6 49. Rc7 Kf4 50. Kc2 Rea6 51. Rxc5 Kg3 52. Rc7 Kxg2 53. Rf7 Kxh3 54. Rxf6 Rxa7 55. Rf8 0-1

[Event "Padova Weekend op-B 8th"]
[Site "Padova"]
[Date "2005.12.18"]
[Round "5.10"]
[White "You, Zhi Chih Stefano"]
[Black "Pomaro, Alberto"]
[Result "0-1"]
[WhiteElo "1733"]
[BlackElo "1971"]
[PlyCount "56"]
[EventDate "2005.12.10"]
[EventType "swiss"]
[EventRounds "6"]
[EventCountry "ITA"]
[SourceTitle "EXT 2024"]
[Source "ChessBase"]
[SourceDate "2023.10.10"]
[SourceVersion "1"]
[SourceVersionDate "2023.10.10"]
[SourceQuality "1"]

1. e4 e6 2. d4 d5 3. Nc3 Bb4 4. e5 c5 5. a3 Bxc3+ 6. bxc3 Ne7 7. a4 Qa5 8. Bd2 Nbc6 9. Nf3 Bd7 10. Bb5 c4 11. Ng5 h6 12. Nh3 0-0-0 13. Qb1 Kb8 14. Ke2 g5 15. Qb2 g4 16. Nf4 h5 17. Rhb1 Nf5 18. Bxc6 Bxc6 19. Qb4 Qc7 20. Rh1 h4 21. h3 Rdg8 22. hxg4 Rxg4 23. Kf3 Rhg8 24. Rh2 Qd8 25. Nh5 Rxd4 26. Be3 Nxe3 27. fxe3 Rd2 28. Nf6 Rg3+ 0-1

[Event "Treviso U2100 op"]
[Site "Treviso"]
[Date "2005.12.08"]
[Round "5.4"]
[White "Zanin, Dario"]
[Black "You, Zhi Chih Stefano"]
[Result "1-0"]
[WhiteElo "2037"]
[BlackElo "1733"]
[PlyCount "91"]
[EventDate "2005.12.03"]
[EventType "swiss"]
[EventRounds "5"]
[EventCountry "ITA"]
[SourceTitle "EXT 2024"]
[Source "ChessBase"]
[SourceDate "2023.10.10"]
[SourceVersion "1"]
[SourceVersionDate "2023.10.10"]
[SourceQuality "1"]

1. Nf3 Nf6 2. c4 e6 3. g3 d5 4. Bg2 Be7 5. 0-0 0-0 6. cxd5 exd5 7. d3 c5 8. b3 Nc6 9. Bb2 h6 10. Na3 Bf5 11. Rc1 Rc8 12. Nc2 d4 13. Na3 Re8 14. Nc4 Bf8 15. Qd2 b5 16. Na3 a6 17. Nc2 b4 18. a3 a5 19. axb4 axb4 20. Nh4 Be6 21. Bxc6 Rxc6 22. Nxd4 Rd6 23. Nxe6 Rdxe6 24. Rfe1 Bd6 25. Nf5 Bf8 26. Qc2 g6 27. Ne3 Bd6 28. Nc4 Bc7 29. Qd2 Kh7 30. Ra1 Ng4 31. e3 Qg5 32. f4 Qe7 33. e4 h5 34. Ra7 Qd8 35. h3 Nh6 36. Be5 Bb6 37. Rb7 Rg8 38. Rb8 Qd7 39. Rxb6 Rxb6 40. Nxb6 Qxh3 41. Qg2 Qe6 42. Nd5 Ng4 43. Ba1 Ra8 44. Qb2 Rg8 45. Kg2 Qa6 46. Ne7 1-0

[Event "Treviso U2100 op"]
[Site "Treviso"]
[Date "2005.12.04"]
[Round "3.2"]
[White "You, Zhi Chih Stefano"]
[Black "Lavric, Mihail"]
[Result "0-1"]
[WhiteElo "1733"]
[BlackElo "1971"]
[PlyCount "116"]
[EventDate "2005.12.03"]
[EventType "swiss"]
[EventRounds "5"]
[EventCountry "ITA"]
[SourceTitle "EXT 2024"]
[Source "ChessBase"]
[SourceDate "2023.10.10"]
[SourceVersion "1"]
[SourceVersionDate "2023.10.10"]
[SourceQuality "1"]

1. e4 c5 2. c3 d6 3. d4 cxd4 4. cxd4 Nf6 5. Bd3 g6 6. Nc3 Bg7 7. Nf3 0-0 8. 0-0 Nc6 9. h3 a6 10. Be3 b5 11. Rc1 Bb7 12. Qd2 Rc8 13. Rfd1 Na5 14. d5 Nc4 15. Bxc4 Rxc4 16. Nd4 Qd7 17. f3 Nh5 18. Nce2 Rfc8 19. Rxc4 Rxc4 20. Rc1 Qc8 21. Nb3 Rxc1+ 22. Qxc1 Qxc1+ 23. Bxc1 Kf8 24. Ned4 Bxd4+ 25. Nxd4 Ke8 26. Kf2 Kd7 27. g4 Nf6 28. Bg5 Ne8 29. Kg3 e6 30. dxe6+ fxe6 31. Kh4 e5 32. Nb3 Nc7 33. Bd2 Ne6 34. Be3 Ba8 35. a3 Ke7 36. Bg5+ Kf7 37. Be3 Bb7 38. Kg3 Kf6 39. h4 Ke7 40. Kf2 d5 41. exd5 Bxd5 42. Nc5 Nc7 43. Bd2 Kd6 44. Bb4 Kc6 45. Ne4 Bxe4 46. fxe4 Ne6 47. Bc3 Nf4 48. Kf3 Kd6 49. Bb4+ Ke6 50. Bd2 Nd3 51. Bc3 Nc5 52. Bb4 Na4 53. Bc3 Nxc3 54. bxc3 Kd6 55. Ke2 Kc5 56. Kd3 h6 57. g5 h5 58. c4 b4 0-1

[Event "Treviso op-B 27th"]
[Site "Treviso"]
[Date "2003.12.06"]
[Round "1.12"]
[White "You, Zhi Chih Stefano"]
[Black "Zannol, Roberto"]
[Result "1-0"]
[WhiteElo "1500"]
[BlackElo "1600"]
[PlyCount "147"]
[EventDate "2003.12.06"]
[EventType "swiss"]
[EventRounds "5"]
[EventCountry "ITA"]
[SourceTitle "EXT 2024"]
[Source "ChessBase"]
[SourceDate "2023.10.10"]
[SourceVersion "1"]
[SourceVersionDate "2023.10.10"]
[SourceQuality "1"]

1. e4 c6 2. d4 d5 3. Bd3 dxe4 4. Bxe4 Nf6 5. Nc3 Nxe4 6. Nxe4 Bf5 7. Ng3 Bg6 8. Nf3 e6 9. Bf4 Nd7 10. 0-0 Be7 11. c4 0-0 12. Ne2 Qb6 13. b3 h6 14. Nc3 Bf6 15. Qd2 Rac8 16. Kh1 Rfe8 17. Rae1 Bh5 18. Ne4 Bxf3 19. gxf3 Qxd4 20. Qxd4 Bxd4 21. Nd6 Nf8 22. Nxc8 Rxc8 23. Rd1 e5 24. Be3 Ne6 25. Kg2 g5 26. Rd2 Kg7 27. Rfd1 Rd8 28. Kg3 Kg6 29. Bxd4 exd4 30. h4 a5 31. hxg5 hxg5 32. a4 c5 33. Re1 Rd6 34. Re5 Rb6 35. Rb2 Rd6 36. Rd5 Rxd5 37. cxd5 Nf4 38. d6 Ne6 39. Re2 Kf6 40. Kg4 b6 41. Re1 d3 42. Rd1 d2 43. Rxd2 Nd4 44. d7 Ke7 45. d8Q+ Kxd8 46. Rd3 f6 47. f4 f5+ 48. Kxg5 Kd7 49. Kh4 Kd6 50. Kg3 Kd5 51. f3 Kd6 52. Kf2 Kc6 53. Ke3 Kd5 54. Kd2 Kc6 55. Kc3 Kd5 56. Re3 Kd6 57. Kc4 Kc6 58. Rd3 Nc2 59. Rd8 Nd4 60. Rf8 Kd6 61. Rf6+ Kc7 62. Kd5 Nxb3 63. Rxf5 Nd2 64. Rf7+ Kd8 65. Rb7 c4 66. Rxb6 c3 67. Rc6 Nb1 68. Kd4 Kd7 69. Rxc3 Nxc3 70. Kxc3 Ke6 71. Kc4 Kf5 72. Kb5 Kxf4 73. Kxa5 Kxf3 74. Kb6 1-0